01525nas a2200241Ia 4500001001100000003001000011008004100021040002500062041001300087100002700100210001000127222001000137245004700147250001100194260007400205300002800279310001200307362003000319500039500349501011400744520039500858650003001253R262-R5036IT-CnALBA170116c99999999xx |||||||||||| ||und|| aIT-CnALBAcIT-CnALBA aITALIANO aMELLA ARBORIO FEDERICO aJESUS aJESUS 0aJESUS. STORIA DEL POPOLO DI DIO. VOL. VI.  a1a ed. aTORINObSAIE EDITRICE c1982 [1° Ed.:1982 - Ed.Ling.Originale: 1982] a384 p. (prefazione: 23) aMENSILE aFascicolo: 1-12 / (1982) aBORI P. C. BORRMANS M. BOSCHI B. MANINI C. D. CAPELLO E. CASTELLINO G. CIGOGNINI M. CONIO C. MAPPA DELLA STORIA NELLA BIBBIA. CREAZIONE. IL PECCATO. LA FUGA DI CAINO. ELEZIONE DI ABRAMO. LIBERAZIONE DALL'EGITTO. LA LEGGE DEL SINAI. IL POPOLO NEL DESERTO PER XL ANNI. MORTE DI MOSÈ. TERRA PROMESSA. PACE SU ISRAELE. I GIUDICI GIOSUÈ. DEBORA. GEDEONE. SANSONE. SAMUELE GIUDICE E PROFETA.  aSocietà San Paolo EM - Piazza San Paolo, 14 - 12051 ALBA (CN) (non commercial uses only) ® Copyright 2017 aBORI P. C. BORRMANS M. BOSCHI B. MANINI C. D. CAPELLO E. CASTELLINO G. CIGOGNINI M. CONIO C. MAPPA DELLA STORIA NELLA BIBBIA. CREAZIONE. IL PECCATO. LA FUGA DI CAINO. ELEZIONE DI ABRAMO. LIBERAZIONE DALL'EGITTO. LA LEGGE DEL SINAI. IL POPOLO NEL DESERTO PER XL ANNI. MORTE DI MOSÈ. TERRA PROMESSA. PACE SU ISRAELE. I GIUDICI GIOSUÈ. DEBORA. GEDEONE. SANSONE. SAMUELE GIUDICE E PROFETA.  aSCIENZE UMANE E RELIGIOSE